De las escuelas de párvulos a los jardines de niños : (Record no. 212050)

MARC details
000 -CABECERA
campo de control de longitud fija 00845cam a22002177a 4500
003 - IDENTIFICADOR DEL NÚMERO DE CONTROL
campo de control MX-MxUPN
005 - FECHA Y HORA DE LA ÚLTIMA TRANSACCIÓN
campo de control 20260115102153.0
008 - ELEMENTOS DE LONGITUD FIJA--INFORMACIÓN GENERAL
campo de control de longitud fija 241108s2013 mx|o|||fr|||| 000 0 spa d
020 ## - NÚMERO INTERNACIONAL NORMALIZADO PARA LIBROS
Número Internacional Estándar del Libro 9786077761501
040 ## - FUENTE DE LA CATALOGACIÓN
Centro catalogador/agencia de origen MX-MxUPN
Lengua de catalogación spa
050 #4 - SIGNATURA TOPOGRÁFICA DE LA BIBLIOTECA DEL CONGRESO
Número de clasificación LB1140.25 M6
Número de documento/Ítem C367 2013
100 1# - ASIENTO PRINCIPAL--NOMBRE PERSONAL
Nombre de persona Campos Alba, Élida Lucía
9 (RLIN) 54554
245 10 - MENCIÓN DE TÍTULO
Título De las escuelas de párvulos a los jardines de niños :
Resto del título construcción de la cultura escolar en la educación preescolar del Estado de México (1881-1926)
250 ## - MENCIÓN DE EDICIÓN
Mención de edición Primera edición
260 ## - PUBLICACIÓN, DISTRIBUCIÓN, ETC.
Lugar de publicación, distribución, etc. Zinacantepec, México :
Nombre del editor, distribuidor, etc. El Colegio Mexiquense
Fecha de publicación, distribución, etc. 2013
300 ## - DESCRIPCIÓN FÍSICA
Extensión 442 páginas :
Otras características físicas fotografías
500 ## - NOTA GENERAL
Nota general Donación Dra. Elida Campos Alba
650 #4 - ASIENTO SECUNDARIO DE MATERIA - TERMINO TEMATICO
Término de materia o nombre geográfico como elemento de entrada Educación preescolar
Subdivisión geográfica Estado de México
Subdivisión de forma Historia
9 (RLIN) 54555
902 ## - ELEMENTOS DE DATOS B LOCAL, LDB (RLIN)
Creó MarisolLicea/08112024
Modificó VíctorGodínez/081124
942 ## - ELEMENTOS DE PUNTO DE ACCESO ADICIONAL (KOHA)
Fuente del sistema de clasificación o colocación Library of Congress Classification
Tipo de ítem Koha Libro
Suprimir en OPAC No
Holdings
Estado de retiro Estado de pérdida Fuente del sistema de clasificación o colocación Estado dañado No para préstamo Código de colección Localización permanente Ubicación/localización actual Ubicación en estantería Fecha de adquisición Total de préstamos Clasificación Código de barras Fecha visto por última vez Tipo de ítem Koha
    Library of Congress Classification     Colección General Bib. Gregorio Torres Quintero Bib. Gregorio Torres Quintero Planta baja 08/11/2024   LB1140.25 M6 C367 2013 340207 08/11/2024 Libro